000 00375nam a22001457a 4500
008 250210b |||||||| |||| 00| 0 eng d
020 _a0207107139
050 _aHD2755.5
_b.D36
100 _aDANIEL, John D.
245 _aInternational Business
250 _a4th
260 _aMassachusetts
_bAddison Wesley Publication Company
_c1976
300 _axviii, 851p.
942 _cBK
999 _c1916
_d1916